'Y' in Every Category Quiz Stats

 Plays Quiz Updated Sep 23, 2016

Challenge
Share
Tweet
Embed
Score 0/45 Timer 15:00
1 Play Today
Hint Answer % Correct
MoviesYoda
85.6%
MusicYankovic
85.5%
MusicYesterday
84.9%
Miscellaneousyeti
82.5%
Miscellaneousyearbook
82.4%
EntertainmentYouTube
76.4%
GamingYahtzee
74.1%
Languagey'all
72.9%
GeographyYangtze
69.7%
LanguageYiddish
69.4%
SportsYogi Berra
69.2%
ReligionYin-Yang
69%
TelevisionYasmine
61.9%
SportsYao Ming
61.6%
MoviesYentl
57.6%
HolidayYom Kippur
55.4%
ReligionYoga
55.2%
HistoryYalta
53.9%
Miscellaneousyurt
53.2%
Just For FunYOLO
48%
LiteratureYorick
46%
SportsYellow Jackets
45.8%
LiteratureYearling
44.8%
Hint Answer % Correct
Scienceyaw
43%
MusicYanni
43%
HolidayYule
37.4%
GamingYu-gi-oh
35.5%
TelevisionYakko
33.2%
Literature(John) Yossarian
26.7%
MoviesYzma
25.9%
TelevisionYes, Minister
20.9%
HistoryYamamoto
18.5%
GeographyYooper
16.9%
Just For FunYMMV
15.9%
EntertainmentYlvis
15.9%
Historyyuan
15%
ReligionYggdrasil
12.3%
GeographyYorùbá
10.4%
HolidayYouthDay
9.6%
ScienceYtterby
8.9%
Scienceyotta
8.7%
Just For FunYTMND
8.5%
EntertainmentYondu Udonta
7.5%
GamingYanma
5.7%
LanguageYakut
5.3%

You're not logged in!

Compare scores with friends on all Sporcle quizzes.
Join for Free
OR
Log In

You Might Also Like...

Show Comments

Extras

Top Quizzes Today


Score Distribution

Your Account Isn't Verified!

In order to create a playlist on Sporcle, you need to verify the email address you used during registration. Go to your Sporcle Settings to finish the process.

Report this User

Report this user for behavior that violates our Community Guidelines.

Details: